| 000 | 01286naa a22003377a 4500 | ||
|---|---|---|---|
| 001 | BR7602674 | ||
| 003 | BR-BrBNA | ||
| 005 | 20240918173841.0 | ||
| 007 | ta | ||
| 008 | 230509b bl.||||| |||| 00| 0 por d | ||
| 040 |
_aBR-BrBNA _bpor _cBiblioteca Nacional de Agricultura |
||
| 041 | _a(Pt) | ||
| 072 |
_aL36 _b9927 |
||
| 090 | _aL36 BR7602674 | ||
| 100 | 1 | _aShirley, R.L. | |
| 100 | 1 | _aCarvalho, J.H. | |
| 111 | 1 |
_aSimposio Latino-Americano sobre Pesquisa em Nutricao Mineral de Ruminantes em Pastagens _cBelo Horizonte, MG (Brazil) _d22 Mar 1976 |
|
| 245 | 1 | _aA agua como fonte de minerais [Composicao de alimento; Nutriente] | |
| 260 | 3 |
_aBelo Horizonte, MG (Brasil): _c1976. |
|
| 500 | _aSimposio latino-americano sobre pesquisa em nutricao mineral de ruminantes em pastagens Belo Horizonte, MG (Brasil): 1976. p. 34-50 (BR7602674-AM)L36 | ||
| 650 | _aComposicao de alimento | ||
| 650 | _aAgua | ||
| 650 | _aAnimal domestico | ||
| 650 | _aMicroelemento | ||
| 650 | _aMineral | ||
| 650 | _aNutriente mineral | ||
| 650 | _aToxidez | ||
| 773 | 0 |
_tSimposio latino-americano sobre pesquisa em nutricao mineral de ruminantes em pastagens _wL36 BR7602674 _gBelo Horizonte, MG (Brasil), 1976. p. 34-50 |
|
| 909 |
_a202404 _bLucia _c55 _dLucia Elande |
||
| 942 |
_cAM _2AGRIS |
||
| 999 |
_c307279 _d307279 |
||